Sanat - "On aika hiljaa kiittää ja kättä puristaa" - Statistics

Yleistilastot
  • Tätä visaa on pelattu 137 kertaa
  • Keskiarvotulos 63 / 79
Vastaustilastot
Vastaus % Oikein
aika
100%
aika
100%
aika
100%
On
100%
on
100%
on
100%
on
100%
on
100%
ja
99%
ja
99%
kättä
99%
kiittää
99%
puristaa
99%
hiljaa
98%
me
96%
me
96%
maa
94%
muistojemme
94%
yhteen
92%
liittää
91%
meidät
91%
nyt
91%
nyt
91%
vain
87%
näkemiin
85%
aalloilla
84%
aalloilla
84%
elämän
84%
elämän
84%
jälki
84%
jälki
84%
matkaa
84%
matkaa
84%
matkaa
84%
matkaa
84%
Turvallista
84%
turvallista
84%
Turvallista
84%
turvallista
84%
unelmiin
84%
sydämiimme
83%
hyvän
82%
hyvän
82%
kanssa
82%
kanssa
82%
näin
82%
näin
82%
toivotamme
82%
toivotamme
82%
ystävän
82%
ystävän
82%
teille
81%
ylöspäin
81%
ylöspäin
81%
jäi
80%
laulamme
80%
nostaa
80%
nostaa
80%
purjeet
80%
purjeet
80%
jää
67%
Ei
57%
voi
55%
joskus
54%
joskus
54%
kukaan
53%
naurattaa
53%
yksi
53%
aavistaa
52%
huomispäivän
52%
Jeesus
52%
kyyneleitä
52%
aina
51%
joka
51%
kaiken
49%
vierellemme
48%
ymmärtää
48%
pysyy
47%
teitä
46%
Ehtoja vastaavia visoja ei löytynyt
Tulosjakauma
Jokaisen tuloksen saaneiden osuus
Persentiili vastausten määrän mukaan
Tuloshistoriasi
Et ole pelannut tätä visaa